LA INVESTIGACION DE LA ENSEÑANZA, I : (Registro nro. 56330)
[ vista simple ]
| 000 -LEADER | |
|---|---|
| fixed length control field | 01010nam a2200205 a 4500 |
| 001 - CONTROL NUMBER | |
| control field | 56330 |
| 005 - DATE AND TIME OF LATEST TRANSACTION | |
| control field | 20180714052034.0 |
| 008 - FIXED-LENGTH DATA ELEMENTS--GENERAL INFORMATION | |
| fixed length control field | 140415s1999 sp 000 0 spa d |
| 020 ## - INTERNATIONAL STANDARD BOOK NUMBER | |
| International Standard Book Number | 8475095208 |
| 041 ## - LANGUAGE CODE | |
| Language code of text/sound track or separate title | spa |
| 082 ## - DEWEY DECIMAL CLASSIFICATION NUMBER | |
| Classification number | 370.78 |
| Item number | WIT |
| 245 03 - TITLE STATEMENT | |
| Title | LA INVESTIGACION DE LA ENSEÑANZA, I : |
| Remainder of title | ENFOQUES, TEORIAS Y METODOS |
| 250 ## - EDITION STATEMENT | |
| Edition statement | 1a ed. |
| 260 ## - PUBLICATION, DISTRIBUTION, ETC. | |
| Place of publication, distribution, etc. | ESPAÑA : |
| Name of publisher, distributor, etc. | AMERICAN EDUCATIONAL RESEARCH ASSOCIATION, |
| Date of publication, distribution, etc. | 1999, 1997 |
| 300 ## - PHYSICAL DESCRIPTION | |
| Extent | |
| Dimensions | 15.6 x 1.1 x 22 |
| 490 ## - SERIES STATEMENT | |
| Series statement | PAIDOS EDUCADOR |
| Volume/sequential designation | |
| 520 ## - SUMMARY, ETC. | |
| Summary, etc. | BAJO LA DIRECCION DE MERLIN C. WITTROCK, DE LA UNIVERSIDAD DE CALIFORNIA-LOS ANGELES, Y CON EL PATROCINIO DE LA AMERICAN EDUCATIONAL RESEARCH ASSOCIATION (A.E.R.A), LOS TRES VOLUMENES QUE FORMAN ESTA OBRA REUNEN LAS CONTRIBUCIONES DE UN DESTACADO GRUPO DE ESPECIALISTAS EN TEMAS EDUCATIVOS Y PROPORCIONAN UNA VISION ACTUALIZADA DEL CONOCIMIENTO PEDAGOGICO ACTUAL. |
| 650 14 - SUBJECT ADDED ENTRY--TOPICAL TERM | |
| Topical term or geographic name entry element | INVESTIGACION EDUCATIVA |
| General subdivision | INVESTIGACION EDUCATIVA |
| -- | METODOLOGIA |
| 700 1# - ADDED ENTRY--PERSONAL NAME | |
| Personal name | WITTROCK, MERLIN C. |
| Relator term | coaut. |
| Withdrawn status | Lost status | Source of classification or shelving scheme | Damaged status | Not for loan | Collection code | Home library | Current library | Shelving location | Date acquired | Source of acquisition | Inventory number | Total Checkouts | Full call number | Barcode | Date last seen | Date last checked out | Price effective from | Koha item type |
|---|---|---|---|---|---|---|---|---|---|---|---|---|---|---|---|---|---|---|
| Dewey Decimal Classification | General | Biblioteca Karol Wojtyla | Biblioteca Karol Wojtyla | Sala general | 03/12/2013 | Compra | 151000000000000000043314 | 370.78 WIT | 84937 | 05/01/2026 | 11/11/2017 | 03/12/2013 | Libro |